|
|
|
|
| LEADER |
00000nab a2200000 a 4500 |
| 001 |
vtls011131626 |
| 003 |
SK-MaSNL |
| 005 |
20260303150859.0 |
| 008 |
230222|1992 xo |||||||||||||||||slo| |
| 015 |
|
|
|a SNBRB
|
| 035 |
|
|
|a (uuid)4245434a-e911-4e98-a6d4-ad26c0144ef3
|
| 035 |
|
|
|a (urnnbn)urn:nbn:sk:snk:ar-a09ljc
|
| 035 |
|
|
|a urn:nbn:sk:snk-aba998
|
| 040 |
|
|
|a SNKBUCL
|b slo
|c SNKBUCL
|e AACR2
|
| 041 |
0 |
|
|a slo
|
| 044 |
|
|
|a xo
|c SK
|
| 100 |
1 |
|
|a Mošanský, Ladislav,
|d 1955-
|4 aut
|9 160820
|
| 245 |
1 |
0 |
|a HNIEZDNE SPOLOČENSTVÁ VTÁKOV POĽNOHOSPODÁRSKEJ KRAJINY DOLNÉHO TOKU RIEKY ONDAVY (VÝCHODOSLOVENSKÁ NÍŽINA)
|c Ladislav Mošanský
|
| 773 |
0 |
|
|t Zborník Východoslovenského múzea v Košiciach. Prírodné vedy
|g Roč. 32-33-1992, č. 1 (1992), s. 43-54
|
| 954 |
|
|
|a odborná, vedecká literatúra pôvodná (slovenská)
|2 lita
|
| 958 |
|
|
|a OND
|
| 958 |
|
|
|a EUIPO
|
| 958 |
|
|
|a article13
|
| 999 |
|
|
|c 2014213
|d 2016143
|